Z galérie tvorcov tvorba zamestnaneckej značky: krok za krokom s Katarínou Ďurčovou

Rozhovor s Katarínou Ďurčovou, budovateľkou zamestnaneckých značiek a zakladateľkou informačného portálu www.zamestnaneckaznacka.sk zameraného na employee branding a pomáhanie značkám vystúpiť z davu. V rozhovore priblíži, čo je potrebné vedieť o budovaní zamestnaneckej značky.

Gespeichert in:
Bibliographische Detailangaben
1. Verfasser: Šimková, Patrícia
Weitere Verfasser: Ďurčová, Katarína
Format: Buchkapitel
Sprache:Slowakisch
Schlagworte:
Tags: Tag hinzufügen
Keine Tags, Fügen Sie das erste Tag hinzu!

MARC

LEADER 00000naa a2200000 4500
001 0308854
005 20250603131833.6
041 0 |a slo 
044 |a SK 
245 1 0 |a Z galérie tvorcov  |b tvorba zamestnaneckej značky: krok za krokom s Katarínou Ďurčovou  |c Patrícia Šimková, Katarína Ďurčová 
520 |a Rozhovor s Katarínou Ďurčovou, budovateľkou zamestnaneckých značiek a zakladateľkou informačného portálu www.zamestnaneckaznacka.sk zameraného na employee branding a pomáhanie značkám vystúpiť z davu. V rozhovore priblíži, čo je potrebné vedieť o budovaní zamestnaneckej značky. 
610 2 0 |a interview 
610 2 0 |a budovanie značky zamestnávateľa 
610 2 0 |a kultúra podniková 
610 2 0 |a stratégia podnikateľská 
610 2 0 |a zamestnávatelia 
610 2 0 |a zamestnanci 
610 2 0 |a zákazníci 
100 1 |a Šimková, Patrícia 
700 1 |a Ďurčová, Katarína